000 00834nam a2200217 a 4500
001 21612
003 CO-ViMGA
008 141112s2004 ck r 000 u spa d
020 _a8420008818
040 _aCO-ViMGA
_bspa
_cCO-ViMGA
082 0 4 _a638.15 R477e
100 1 _aRitter, Wolfgang
_930868
245 1 0 _aEnfermedades de las abejas
260 _aZaragoza :
_bAcribia,
_c2001
300 _a146
505 _aAnatomía y fisiología de la abeja 3 - - Prevención de las enfermedades 21 - - Descubrimiento de la enfermedad 35 - - Enfermedades dela cría 43 - - Plagas de las abejas 125
590 _aForma de adquisición : Donación fact. 8853 - - Precio : 139000 - - Proveedor : Fundación exito - - Fecha de adquisición : Junio 2007
650 1 4 _aABEJAS - ENFERMEDADES
_950901
650 1 4 _aAPICULTURA
942 _2ddc
_cBK
999 _c30185
_d30185